| 000 | 01689cam a22004574i 4500 | ||
|---|---|---|---|
| 003 | PE-LiUPU | ||
| 005 | 20250731172942.0 | ||
| 008 | 150623s r 000 0 d | ||
| 020 | _a1563382032 | ||
| 035 | _a(Sirsi) i9781563382031 | ||
| 040 |
_aPE-LiUPU _bspa _cPE-LiUPU _erda |
||
| 049 | _aPRUA | ||
| 082 | 0 | 4 |
_a225.66 _bS83 _221 |
| 100 | 1 |
_aStrecker, Georg, _eautor. |
|
| 245 | 1 | 0 |
_aHistory of New Testament Literature / _cGeorg Strecker, traducido por Calvin Katter con la ayuda de Hans-Joachim Mollenhauer. |
| 264 | 1 |
_aPennsylvania : _bTrinity Press International, _c1997. |
|
| 300 |
_a238 páginas ; _c23 centímetros |
||
| 336 |
_atext _2rdacontent |
||
| 337 |
_aunmediated _2rdamedia |
||
| 338 |
_avolume _2rdacarrier |
||
| 505 | 0 | _aDevelopment and task. -The New Testament writings. -Letters. -Gospels. -The acts of the apostles. -The Johannine apocalypse. -The canon of the New Testament. | |
| 526 | _aSEG42 | ||
| 526 | _aSEG41 | ||
| 526 | _aSEG40 | ||
| 526 | _aSEG39 | ||
| 526 | _aP94 | ||
| 526 | _aP87 | ||
| 526 | _aP86 | ||
| 526 | _aP85 | ||
| 526 | _aP77 | ||
| 526 | _aP76 | ||
| 526 | _aP35 | ||
| 630 |
_aBiblia. _pN.T. _xCrítica, interpretación, etc. |
||
| 650 | 0 | 4 |
_aLiteratura griega _xRelación con el Nuevo Testamento. _95044 |
| 942 |
_2ddc _cBOOK |
||
| 949 |
_a225.66 S83 _wDEWEY _c1 _i44643 _lCCODEBUL1 _mBUL _r0 _sY _tBOOK _u2015-6-24 _xTEOLOGIA _PP35 _0COMPRA _o.STAFF. Colección General |
||
| 994 |
_aC0 _bPEPRU |
||
| 596 | _a1 | ||
| 999 |
_a225.66 S83 _wDEWEY _c21502 _i44643 _f2021-11-9 _g5 _lCCODEBUL1 _mBUL _r0 _sY _tBOOK _u2015-6-24 _xTEOLOGIA _PP35 _0COMPRA _o.STAFF. Colección General _d21502 |
||
| 980 |
_81 _gALBERTO SANCHEZ Responsable de Automatización |
||